Գերեզմաններու մէջէն : (Record no. 534575)
[ view plain ]
| 000 -LEADER | |
|---|---|
| fixed length control field | 00907nam a2200217 a 4500 |
| 001 - CONTROL NUMBER | |
| control field | 2016890 |
| 003 - CONTROL NUMBER IDENTIFIER | |
| control field | AM-YeHGA |
| 005 - DATE AND TIME OF LATEST TRANSACTION | |
| control field | 20250905140040.0 |
| 008 - FIXED-LENGTH DATA ELEMENTS--GENERAL INFORMATION | |
| fixed length control field | 250430s1945 nyu|||||||||||||||0|arm|d |
| 040 ## - CATALOGING SOURCE | |
| Original cataloging agency | AM-YeHGA |
| 041 0# - LANGUAGE CODE | |
| Language code of text/sound track or separate title | arm |
| 100 1# - MAIN ENTRY--PERSONAL NAME | |
| Personal name | Տատրյան, Վահրամ, |
| Dates associated with a name | 1900-1948 |
| 9 (RLIN) | 3980 |
| 245 10 - TITLE STATEMENT | |
| Title | Գերեզմաններու մէջէն : |
| Remainder of title | (Փրցուած էջեր օրագրէս, Բ. շարք) / |
| Statement of responsibility, etc. | Գրեց՝ Վահրամ Տատրեան. |
| 260 ## - PUBLICATION, DISTRIBUTION, ETC. | |
| Place of publication, distribution, etc. | Նիւ Եորք : |
| Name of publisher, distributor, etc. | տպ. Կոչնակ, |
| Date of publication, distribution, etc. | 1945. |
| 300 ## - PHYSICAL DESCRIPTION | |
| Extent | (2 գիրք 1 կազմում) ; 476 էջ |
| 490 ## - SERIES STATEMENT | |
| Series statement | Մատենաշար |
| Volume/sequential designation | թիւ 2 |
| 501 ## - WITH NOTE | |
| With note | Կազմակից է՝ Սև հոգին (Եզրափակում) / Վ. Տատրեան - Նիւ Եորք ; Կոչնակ տպարան ; 1945 |
| 650 14 - SUBJECT ADDED ENTRY--TOPICAL TERM | |
| Topical term or geographic name entry element | Սփյուռքահայ պատմություն |
| 9 (RLIN) | 4891 |
| 740 02 - ADDED ENTRY--UNCONTROLLED RELATED/ANALYTICAL TITLE | |
| Uncontrolled related/analytical title | Սև հոգին (Եզրափակում) |
| 942 ## - ADDED ENTRY ELEMENTS (KOHA) | |
| Source of classification or shelving scheme | Universal Decimal Classification |
| Koha item type | Գրքեր / Books |
| Withdrawn status | Lost status | Source of classification or shelving scheme | Damaged status | Not for loan | Collection | Home library | Current library | Date acquired | Serial enumeration / chronology | Total checkouts | Full call number | Barcode | Date last seen | Price effective from | Koha item type | Public note |
|---|---|---|---|---|---|---|---|---|---|---|---|---|---|---|---|---|
| Universal Decimal Classification | Zhamkochyan Individual collection | Fundamental Scientific Library | Fundamental Scientific Library | 30/04/2025 | Ալիգ 1 | Ժամ/241 | FL0690585 | 30/04/2025 | 30/04/2025 | Գրքեր / Books | ILL Non-Circ. |
ՀՀ Գիտությունների ազգային ակադեմիայի հիմնարար գիտական գրադարան = Fundamental Scientific Library of NAS RA
All site content, except where otherwise noted, is licensed under a